Viladecans : el misteri de les pintures murals de l'ermita de Santa Maria de Sales (segles XII i XVI) el misteri de les pintures murals de l'ermita de Santa Maria de Sales (segles XII i XVI)
MARC
| LEADER | 00000nam a2200000Ia 4500 | ||
|---|---|---|---|
| 001 | 23865 | ||
| 008 | 160829s2013 xx 000 0 cat d | ||
| 080 | |a Bib-88 | ||
| 100 | |a Lacuesta, Raquel, |d 1949- |9 24935 | ||
| 245 | |a Viladecans : |b el misteri de les pintures murals de l'ermita de Santa Maria de Sales (segles XII i XVI) | ||
| 260 | |a Barcelona : |b Diputació de Barcelona. Àrea de Territori i Sostenibilitat. Gerència de Serveis d'Equipaments, Infraestructures Urbanes i Patrimoni Arquitectònic. Servei de Patrimoni Arquitectònic Local, |c 2013 | ||
| 300 | |a 62 p. : |b il. ; |c 21 cm | ||
| 590 | |a Hi ha un altre exemplar en castellà amb R. 23863 | ||
| 650 | |a Ermita de Nostra Senyora de Sales (Viladecans) | ||
| 650 | |a Pintura mural |x Viladecans |9 50502 | ||
| 650 | |a Pintura religiosa |x Viladecans |9 50503 | ||
| 710 | |a Barcelona (Catalunya : Província). |b Servei de Patrimoni Arquitectònic Local |9 19202 | ||
| 710 | 1 | |a Viladecans (Catalunya). |b Ajuntament |9 54292 | |
| 901 | |a Arxiu | ||
| 942 | |n 1 | ||
| 952 | |0 0 |1 0 |4 0 |6 BIB88 |7 1 |9 56078 |a Arxiu |b Arxiu |d 2016-12-01 |l 0 |o Bib-88 |p 23865 |r 2016-12-01 00:00:00 |w 2016-12-01 |y ARXIU | ||
| 999 | |c 59952 |d 59952 | ||